| 000 | 00508nam a2200133Ia 4500 | ||
|---|---|---|---|
| 008 | 200925s9999 xx 000 0 und d | ||
| 020 | _a978-971-014-594-2 | ||
| 100 | _aDe Regla, Editha | ||
| 245 |
_cEditha De Regla, Butch Stephen C. Duay, Ma. Louisa G. Taguiling.-- _aScience, technology and society / |
||
| 260 |
_aQuezon City : _bSt. Andrew Publishing House _c2019 |
||
| 300 |
_aiii , 174 pages : _billustrations ; _c22 cm. |
||
| 650 | _aScience -- Social aspects. | ||
| 650 | _aTechnology -- Social aspects. | ||
| 999 |
_c364491 _d364491 |
||